书目信息 |
| 题名: |
SQK Server 2000数据库应用教程
|
|
| 作者: | 邱李华 , 李晓黎 编著 | |
| 分册: | ||
| 出版信息: | 北京 人民邮电出版社 2007.07 |
|
| 页数: | 313页 | |
| 开本: | 20cm | |
| 丛书名: | ||
| 单 册: | ||
| 中图分类: | TP311.138 | |
| 科图分类: | ||
| 主题词: | 软件 | |
| 电子资源: | ||
| ISBN: | 978-7-115-15922-9 | |
| 000 | 00680nam0 2200205 450 | |
| 001 | 1130404911 | |
| 005 | 20110908082822.91 | |
| 010 | @a978-7-115-15922-9@dCNY32.00 | |
| 100 | @a20110908d2007 km y0chiy0120 ea | |
| 101 | 0 | @achi |
| 102 | @aCN@b110000 | |
| 200 | 1 | @aSQK Server 2000数据库应用教程@ASQK Server 2000 shu ju ku ying yong jiao cheng@f邱李华,李晓黎等编著@Fqiu li hua,li xiao li deng bian zhu |
| 210 | @a北京@c人民邮电出版社@d2007.07 | |
| 215 | @a313页@d20cm | |
| 606 | 0 | @a软件 |
| 690 | @aTP311.138@v4 | |
| 701 | 0 | @a邱李华@Aqiu li hua@4编著 |
| 701 | 0 | @a李晓黎@Ali xiao li@4编著 |
| 801 | 0 | @aCN@b大连网信软件有限公司图书馆·11@c20110908 |
| 905 | @aZUCC@dTP311.138@eQ720 | |
| SQK Server 2000数据库应用教程/邱李华,李晓黎等编著.-北京:人民邮电出版社,2007.07 |
| 313页;20cm |
| ISBN 978-7-115-15922-9:CNY32.00 |
| ● |
| 相关链接 |
|
|
|
正题名:SQK Server 2000数据库应用教程
索取号:TP311.138/Q720
 
预约/预借
| 序号 | 登录号 | 条形码 | 馆藏地/架位号 | 状态 | 备注 |
| 1 | 422958 | 204229584 | 城院文库/ [索取号:TP311.138/Q720] | 在馆 |